Collins pocket italiano : italiano-spagnolo, español- italiano /

Guardado en:
Autor Principal: Medina Montero, José Francisco
Formato: Libro
Publicado: Buenos Aires : Grijalbo 2005
Edición:6a. ed.
Materias:
Etiquetas: Agregar Etiqueta
Sin Etiquetas, Sea el primero en etiquetar este registro!
LEADER 00597nam a22001935a 4500
001 CEM.cems014922
005 20180523121709.0
008 130507b######################000#0#####d
003 CEMS
020 |a 9502802993 
082 0 4 |a C453 
100 1 |a Medina Montero, José Francisco 
245 1 0 |a Collins pocket italiano :  |b italiano-spagnolo, español- italiano /  |c José Francisco Medina Montero 
250 |a 6a. ed. 
260 |a Buenos Aires :  |b Grijalbo 2005 
300 |a 512 p. 
653 |a Diccionario 
653 |a Italiano-diccionario 
859 |a CEMS  |b BIB. CEMS - 11 de abril  |h C453  |i L835-1  |p 27514.18  |t Ej.1